000 00510nam a22002057a 4500
003 UA-OsUOA
001 8430
007 ta
008 20040913b un ||||| |||| 00| 0 ukr d
100 _aСидор-Гібелинда Олег.
942 _cSA
040 _aUA-OsUOA
_bukr
_cUA-OsUOA
_dUA-OsUOA
245 _aМетаморфози пустель
300 _aС.191
955 _a0
041 _aukr
044 _aUA
773 0 _w0
_tВсесвіт
_dК.
_d2004
_gN7-8
650 7 _aМистецтво
_2UDC
999 _c294591
_d294591